| 000 | 00767nam a2200217 i 4500 | ||
|---|---|---|---|
| 001 | 54777 | ||
| 003 | ES-MaACL | ||
| 005 | 20230906163023.0 | ||
| 007 | t| | ||
| 008 | 040114s2001 sp ||||0| spa d | ||
| 020 | _a84-89384-33-9 | ||
| 040 |
_aM-BN _bspa _cM-BN |
||
| 080 | _a027.5(460) | ||
| 245 | 0 | 4 |
_aLas bibliotecas públicas en España _b: una realidad abierta / _cHilario Hernández, dirección técnica ; [autores] Fernando Armario ... [et al.]. |
| 260 |
_a[Madrid] : _bFundación Germán Sánchez Ruipérez, _c[2001] |
||
| 300 |
_a319 p : _bgráf. il ; _c23 cm. |
||
| 650 | 1 | 4 |
_aBibliotecas públicas- _zEspaña. _910550 |
| 700 | 1 |
_aArmario Sánchez, Fernando. _922919 |
|
| 700 | 1 |
_aHernández, Hilario. _962819 |
|
| 852 |
_aES-MaACL _jL-26802 _bR.132380 |
||
| 999 |
_c54777 _d54777 |
||